Účtovanie poistných udalostí na majetku účtovnej jednotky bakalárska práca

Enregistré dans:
Détails bibliographiques
Auteur principal: Faťol, Erik
Collectivité auteur: Fakulta hospodárskej informatiky EU. Katedra účtovníctva a audítorstva
Autres auteurs: Máziková, Katarína
Format: Livre
Langue:slovaque
Publié: Bratislava 2018
Tags: Ajouter un tag
Pas de tags, Soyez le premier à ajouter un tag!

MARC

LEADER 00000nbm a2200000 4500
001 0245267
005 20181106082740.3
041 0 |a slo 
044 |a SK 
245 1 0 |a Účtovanie poistných udalostí na majetku účtovnej jednotky  |b bakalárska práca  |c Erik Faťol ; školiteľ: Katarína Máziková 
264 1 |a Bratislava  |c 2018 
300 |a 47 s. 
100 1 |a Faťol, Erik 
700 1 |a Máziková, Katarína 
710 2 |a Fakulta hospodárskej informatiky EU. Katedra účtovníctva a audítorstva